Statistics for Largest Suburbs in the World

Click here to take the quiz!

General Stats

  • This quiz has been taken 21 times
  • The average score is 4 of 25

Answer Stats

Population Suburb % Correct
3.7 milYokohama
68%
2.7 milGiza
53%
2.9 milQuezon City
53%
3.0 milIncheon
42%
1.5 milKobe City
42%
1.7 milEcatepec
26%
1.8 milThane
21%
1.8 milOmdurman
16%
1.4 milFaridabad
16%
1.5 milKawasaki
16%
2.4 milGhaziabad
16%
1.5 milGurgaon
16%
1.7 milPimpri-Chinchwad
5%
4.0 milNew Taipei City
5%
2.0 milTangerang
5%
2.1 milDepok
5%
2.7 milBekasi
5%
1.6 milKaraj
0%
1.6 milCaloocan
0%
1.6 milNarayaganj
0%
1.5 milSouth Tangerang
0%
2.1 milLa Matanza
0%
2.1 milTaoyuan City
0%
3.4 milEkurhuleni
0%
1.3 milGuarulhos
0%

Score Distribution

Percentile by Number Answered

Percent of People with Each Score

Your Score History

You have not taken this quiz